00585nam a2200181Ia 450000500170000000800410001704000190005804100120007708200190008924500850010826000420019330000180023550400500025365000190030365100450032270000260036785000100039320221117130113.0131103s9999 xx 000 0 und d aLoreto College aEnglish a821.7bSHE-HUT 4aThe complete poetical works of Percy Bysshe Shelleycedited by Thomas Hutchinson aLondonbOxford University Pressc1960 axxiii,918 p.  aIncludes bibliographical references and index aEnglish Poetry aShelley,Percy Bysshe - Poems Collections aHutchinson,Thomas,ed. aLCLIB